CECA survey confirms workload slide (Record no. 82159)
[ view plain ]
| 000 -LEADER | |
|---|---|
| fixed length control field | 01015cab a22002055a 4500 |
| 001 - CONTROL NUMBER | |
| control field | L149364 |
| 008 - FIXED-LENGTH DATA ELEMENTS--GENERAL INFORMATION | |
| fixed length control field | 081201e20100218xxk f 000 0 eng d |
| 035 ## - SYSTEM CONTROL NUMBER | |
| System control number | (Sirsi) u149364 |
| 041 0# - LANGUAGE CODE | |
| Language code of text/sound track or separate title | eng |
| 110 2# - MAIN ENTRY--CORPORATE NAME | |
| Corporate name or jurisdiction name as entry element | Civil Engineering Contractors Association |
| 9 (RLIN) | 3765 |
| 245 00 - TITLE STATEMENT | |
| Title | CECA survey confirms workload slide |
| Medium | [electronic resource] |
| 260 ## - PUBLICATION, DISTRIBUTION, ETC. | |
| Date of publication, distribution, etc. | 2008 |
| 490 ## - SERIES STATEMENT | |
| Series statement | CECA Press Release |
| 520 ## - SUMMARY, ETC. | |
| Summary, etc. | Presents the Civil Engineering Contractors Association workload trends survey for the third quarter 2008. Reports that the decline of the market continues for the civil engineering contractors. Suggests that the rate of decrease is slower in October 2008 than in the three previous months. Forecasts that the decline in workload will continue over the next twelve months. |
| 590 ## - LOCAL NOTE (RLIN) | |
| Local note | KA |
| 651 #4 - SUBJECT ADDED ENTRY--GEOGRAPHIC NAME | |
| Geographic name | United Kingdom |
| Chronological subdivision | |
| 690 ## - LOCAL SUBJECT ADDED ENTRY--TOPICAL TERM (OCLC, RLIN) | |
| Topical term or geographic name as entry element | BUILT ENVIRONMENT-CONSTRUCTION MARKET |
| 856 40 - ELECTRONIC LOCATION AND ACCESS | |
| Processor of request | ttp://www.ceca.co.uk/NewsDetail.aspx?NewsID=183&NewsTypeID=3 |
| Public note | View the item free of charge at www.ceca.co.uk... |
| 942 ## - ADDED ENTRY ELEMENTS (KOHA) | |
| Suppress in OPAC | 0 |
| Withdrawn status | Lost status | Source of classification or shelving scheme | Damaged status | Not for loan | Home library | Current library | Shelving location | Date acquired | Total Checkouts | Full call number | Barcode | Date last seen | Copy number | Price effective from | Koha item type |
|---|---|---|---|---|---|---|---|---|---|---|---|---|---|---|---|
| Dewey Decimal Classification | Virtual | Virtual | Online | 26/03/2010 | ONLINE PUBLICATION | 149364-2001 | 06/08/2019 | 1 | 06/08/2019 | Book |